<?xml version="1.0" encoding="UTF-8"?>
<collection xmlns="http://www.loc.gov/MARC21/slim">
<record>
  <controlfield tag="001">169837</controlfield>
  <controlfield tag="005">20260304131019.0</controlfield>
  <datafield tag="037" ind1=" " ind2=" ">
    <subfield code="a">TAZ-TFG-2025-4706</subfield>
  </datafield>
  <datafield tag="041" ind1=" " ind2=" ">
    <subfield code="a">spa</subfield>
  </datafield>
  <datafield tag="100" ind1="1" ind2=" ">
    <subfield code="a">Gutiérrez Máñez, Clara María</subfield>
  </datafield>
  <datafield tag="242" ind1="0" ind2="0">
    <subfield code="a">Relationship between habitat structure and laying date of the pied flycatcher Ficedula hypoleuca in an oak forest of the Sierra de Guadarrama</subfield>
  </datafield>
  <datafield tag="245" ind1="0" ind2="0">
    <subfield code="a">Relación entre la estructura del hábitat y la fecha de puesta del papamoscas cerrojillo Ficedula hypoleuca en un robledal de la Sierra de Guadarrama</subfield>
  </datafield>
  <datafield tag="260" ind1=" " ind2=" ">
    <subfield code="a">Zaragoza</subfield>
    <subfield code="b">Universidad de Zaragoza</subfield>
    <subfield code="c">2025</subfield>
  </datafield>
  <datafield tag="506" ind1=" " ind2=" ">
    <subfield code="a">by-nc-sa</subfield>
    <subfield code="b">Creative Commons</subfield>
    <subfield code="c">3.0</subfield>
    <subfield code="u">http://creativecommons.org/licenses/by-nc-sa/3.0/</subfield>
  </datafield>
  <datafield tag="520" ind1=" " ind2=" ">
    <subfield code="a">El papamoscas cerrojillo Ficedula hypoleuca es un ave migradora de larga distancia afectada por el calentamiento global, que provoca desajustes entre el inicio de la reproducción y el máximo de demanda de alimento durante la cría. Aunque se ha estudiado la plasticidad que explica el inicio de la reproducción a nivel temporal, se conoce poco sobre cómo la estructura del hábitat a microescala influye en el éxito reproductivo.&lt;br />Este trabajo analiza la relación entre la estructura del hábitat y la reproducción, los ectoparásitos y características individuales, en una población en La Hiruela (Sierra de Guadarrama, Madrid). Se ha utilizado una base de datos 2004–2025 y se ha caracterizado el hábitat en 105 cajas nido. Los datos se analizaron estadísticamente empleando análisis de componentes principales y modelos mixtos. La estructura del hábitat ejerce un efecto indirecto sobre la reproducción, existen con asociaciones con los tres tipos de variables. También hay relación entre estas y el paso del tiempo. Sin embargo, algunas variables reproductivas e individuales no mostraron efectos significativos. Estos resultados indican que la variación del hábitat puede influir en el éxito reproductivo y subrayan la necesidad de continuar investigando en esta línea.&lt;br /></subfield>
  </datafield>
  <datafield tag="521" ind1=" " ind2=" ">
    <subfield code="a">Graduado en Ciencias Ambientales</subfield>
  </datafield>
  <datafield tag="540" ind1=" " ind2=" ">
    <subfield code="a">Derechos regulados por licencia Creative Commons</subfield>
  </datafield>
  <datafield tag="653" ind1="1" ind2=" ">
    <subfield code="a">Papamoscas</subfield>
  </datafield>
  <datafield tag="653" ind1="1" ind2=" ">
    <subfield code="a">Éxito reproductivo</subfield>
  </datafield>
  <datafield tag="653" ind1="1" ind2=" ">
    <subfield code="a">Ectoparásitos de nido</subfield>
  </datafield>
  <datafield tag="653" ind1="1" ind2=" ">
    <subfield code="a">Calentamiento global</subfield>
  </datafield>
  <datafield tag="856" ind1="0" ind2=" ">
    <subfield code="f">865222@celes.unizar.es</subfield>
  </datafield>
  <datafield tag="856" ind1="4" ind2=" ">
    <subfield code="s">1727799</subfield>
    <subfield code="u">http://zaguan.unizar.es/record/169837/files/TAZ-TFG-2025-4706.pdf</subfield>
    <subfield code="y">Memoria (spa)</subfield>
  </datafield>
  <datafield tag="909" ind1="C" ind2="O">
    <subfield code="o">oai:zaguan.unizar.es:169837</subfield>
    <subfield code="p">driver</subfield>
    <subfield code="p">trabajos-fin-grado</subfield>
  </datafield>
  <datafield tag="950" ind1=" " ind2=" ">
    <subfield code="a"></subfield>
  </datafield>
  <datafield tag="691" ind1=" " ind2=" ">
    <subfield code="a">15</subfield>
  </datafield>
  <datafield tag="692" ind1=" " ind2=" ">
    <subfield code="a">Mejorar el conocimiento del microhábitat y como este influye en el éxito reproductor de las especies forestales, nos puede ayudar a realizar una mejor gestión silvícola y, tal vez, evitar el declive de estas especies.</subfield>
  </datafield>
  <datafield tag="700" ind1=" " ind2=" ">
    <subfield code="a">Herrero Cortés, Juan</subfield>
    <subfield code="e">dir.</subfield>
  </datafield>
  <datafield tag="700" ind1=" " ind2=" ">
    <subfield code="a">Martínez Padilla, Jesús</subfield>
    <subfield code="e">dir.</subfield>
  </datafield>
  <datafield tag="710" ind1="2" ind2=" ">
    <subfield code="a">Universidad de Zaragoza</subfield>
    <subfield code="b">Ciencias Agrarias y del Medio Natural</subfield>
    <subfield code="c">Ecología</subfield>
  </datafield>
  <datafield tag="980" ind1=" " ind2=" ">
    <subfield code="a">TAZ</subfield>
    <subfield code="b">TFG</subfield>
    <subfield code="c">EPSHUES</subfield>
  </datafield>
  <datafield tag="999" ind1=" " ind2=" ">
    <subfield code="a">20251120191655.CREATION_DATE</subfield>
  </datafield>
  <datafield tag="951" ind1=" " ind2=" ">
    <subfield code="a">deposita:2026-03-04</subfield>
  </datafield>
</record>
</collection>